El fascinante mundo de la división: un nuevo camino hacia su descubrimiento
Tallennettuna:
| Päätekijä: | |
|---|---|
| Aineistotyyppi: | Kirja |
| Kieli: | espanja |
| Julkaistu: |
Santiago
CPEIP
1994
|
| Aiheet: | |
| Tagit: |
Lisää tagi
Ei tageja, Lisää ensimmäinen tagi!
|
MARC
| LEADER | 00000nam a2200000 a 4500 | ||
|---|---|---|---|
| 001 | UCP3625 | ||
| 003 | CL-VaPUC | ||
| 008 | 990702e19940000CL |||||||||||||||||spa|d | ||
| 082 | 0 | 4 | |a 372.7 |b PON |2 21 |
| 100 | 0 | |a Ponce Carrasco, Patricia |e author |9 430990 | |
| 245 | 1 | 3 | |a El fascinante mundo de la división: un nuevo camino hacia su descubrimiento |
| 300 | |a 55 p | ||
| 942 | |c BK | ||
| 945 | |d 19990702 00:00:00 |a vberengu | ||
| 260 | |a Santiago |b CPEIP |c 1994 | ||
| 650 | 0 | |a Matemáticas |x Enseñanza |9 875527 | |
| 650 | 0 | |a Educación básica |9 224933 | |
| 650 | 0 | |a Matemática |9 260235 | |
| 650 | 7 | |a DIVISION |2 CL-VaPUC |9 343637 | |
| 650 | 0 | |a Números naturales |9 266064 | |
| 583 | |a last modification |c 19990702 00:00:00 |k Rodrigo Vera | ||
| 999 | |c 281889 |d 281887 | ||
| 952 | |0 0 |1 0 |4 0 |6 372_700000000000000_PON_1994 |7 0 |8 A |9 322984 |a BIBMAT |b BIBMAT |c E_DIDACT |d 2019-11-20 |i 353345K |o 372.7 PON 1994 |p 353345K |r 2025-01-07 |w 2019-11-20 |y BK |k MAT | ||